000
00285 a2200109 4500
001
ART_46625
005
20260410161756.0
008
260409a
245
1
0
_a
Posnet
100
1
_a
Sequeira, Marcos A.
773
0
_t
Doctrina tributaria
_g
- N°458 (mayo 2018)
_w
REV4296
999
_c
20172
_d
20172